| 000 | 00913nam a2200289 i 4500 | ||
|---|---|---|---|
| 001 | bg | ||
| 100 | 1 | _aLANE, Nick | |
| 245 | 1 | 0 |
_aTlen : _bcząsteczka, która stworzyła świat / _cNick Lane ; przeł. Joanna Gliwicz. |
| 246 |
_iTyt. oryg.: _aOxygen |
||
| 260 |
_aWarszawa : _bPrószyński i S-ka, _c[2005]. |
||
| 300 |
_a382 s. : _bwykr. ; _c21 cm. |
||
| 490 | 1 | _aNa Ścieżkach Nauki | |
| 500 | _aTyt. oryg.: "Oxygen" : the module that made the world". | ||
| 504 | _aBibliogr. - Indeks. | ||
| 650 | 9 | _aBiogeochemia | |
| 650 | 9 | _aTlen | |
| 700 | 1 |
_aGLIWICZ, Joanna. _eTł. |
|
| 830 | _aNa Ścieżkach Nauki | ||
| 020 | _a8373379363 | ||
| 040 | _cBPK | ||
| 041 | 1 |
_apol _beng |
|
| 080 | _a577.1:550.4 | ||
| 920 | _a83-7337-936-3 | ||
| 942 | _cKS | ||
| 008 | s pl f |000 0 pol | ||
| 999 |
_c52335 _d52335 |
||
| 856 |
_uhttp://koha.tu.koszalin.pl/cgi-bin/koha/opac-detail.pl?biblionumber=52335 _yKatalog online BPK |
||